Datum a čas kvízu
24
Celkem bodů
Celkový počet nahraných bodů na tomto kvízu bez doplňovacích otázek.
4.
Pořadí na kvízu
Konečné umístění týmu na tomto kvízu.
Zaznamenané odpovědi
| # | Otázka | Odpověď | Body | Výsledky |
|---|---|---|---|---|
| 1. | Český internet se minulý týden... | Marta Nováková | 0 | |
| 2. | S délkou těla téměř čtyři cent... | o včelu | 0 | |
| 3. | Krimikomedii Úhoři mají nabito... | Vladimír Michálek | 1 | |
| 4. | Jak se nazývá země, jejíž auto... | Izrael | 1 | |
| 5. | Kterému z těchto týmů se nepod... | C | 0 | |
| 6. | Cestovatel Miroslav Zikmund os... | Tatra 87 | 0 | |
| 7. | Na začátku své výpravy, dne 8.... | Casablanca, Maroko | 0 | |
| 8. | Dne 28. ledna 1948 vztyčili ce... | C | 0 | |
| 9. | V prvním červencovém týdnu se... | Buenos Aires | 1 | |
| 10. | V Kongu zažili Zikmund s Hanze... | zrození sopky (Vovokvabiti) | 0 |